MARC

LEADER 00000nam0a2200000 4500
001 57177
005 20231031054115.0
010 |a 5829700530 
035 |a (RuTPU)RU\TPU\book\60312 
090 |a 57177 
100 |a 20031024d2003 m y0rusy50 ca 
101 0 |a rus 
102 |a RU 
105 |a a j 000zy 
200 1 |a Регионоведение  |e учебник  |f Ю. Н. Гладкий, А. И. Чистобаев 
210 |a Москва  |c Гардарики  |d 2003 
215 |a 384 с.  |c ил. 
225 1 |a Disciplinae 
451 1 |0 (RuTPU)RU\TPU\book\38263  |y 8-8297-0053-0  |t Регионоведение  |o учебник  |f Ю. Н. Гладкий, А. И. Чистобаев  |c М.  |n Гардарики  |d 2000  |p 384 с.  |a Гладкий, Юрий Никифорович 
610 1 |a экономика 
610 1 |a экономическая география 
610 1 |a регионы 
610 1 |a страны мира 
610 1 |a регионоведение 
610 1 |a Россия 
610 1 |a страноведение 
610 1 |a природная среда 
610 1 |a этнический регионализм 
610 1 |a расселение 
610 1 |a религии 
610 1 |a конфессии 
610 1 |a геополитика 
610 1 |a политическая география 
610 1 |a макрорегионы 
610 1 |a районирование 
610 1 |a учебники 
610 1 |a население 
610 1 |a география 
686 |a У04(0)я73  |v LBC/SL-A  |2 rubbk 
686 |a У04(2)я73  |v LBC/SL-A  |2 rubbk 
686 |a У9(2..)я73  |v LBC/SL-A  |2 rubbk 
700 1 |a Гладкий  |b Ю. Н.  |g Юрий Никифорович 
701 1 |a Чистобаев  |b А. И.  |g Анатолий Иванович 
801 1 |a RU  |b 63413507  |c 20031024  |g PSBO 
801 2 |a RU  |b 63413507  |c 20150506  |g PSBO 
900 |a Регионоведение 
942 |c BK 
951 |a 521300  |b 021300